000 00310nam a2200133Ia 4500
008 230312s9999||||xx |||||||||||||| ||und||
020 _a3-8290-2233-6
082 _a720.19
_bHIS
245 0 _aHistorical Paradors
260 _bKonemann
_aGermany
_c1999
300 _a254
650 _aArchitecture
942 _cBK
999 _c11855
_d11855